Diagnostic methods in clinical cardiology / (Record no. 2444)
[ view plain ]
| 000 -LEADER | |
|---|---|
| fixed length control field | 00724cam a2200229 a 4500 |
| 003 - CONTROL NUMBER IDENTIFIER | |
| control field | OSt |
| 005 - DATE AND TIME OF LATEST TRANSACTION | |
| control field | 20210709101439.0 |
| 008 - FIXED-LENGTH DATA ELEMENTS--GENERAL INFORMATION | |
| fixed length control field | 830225s1982 maua b 001 0 eng |
| 020 ## - INTERNATIONAL STANDARD BOOK NUMBER | |
| International Standard Book Number | 0316150339 |
| 040 ## - CATALOGING SOURCE | |
| Transcribing agency | ALUPE UNIVERSITY |
| 050 10 - LIBRARY OF CONGRESS CALL NUMBER | |
| Classification number | RC683 |
| Item number | .D48 1982 |
| 245 00 - TITLE STATEMENT | |
| Title | Diagnostic methods in clinical cardiology / |
| Statement of responsibility, etc. | edited by Peter F. Cohn, Joshua Wynne. |
| 250 ## - EDITION STATEMENT | |
| Edition statement | 1st ed. |
| 260 ## - PUBLICATION, DISTRIBUTION, ETC. | |
| Place of publication, distribution, etc. | Boston : |
| Name of publisher, distributor, etc. | Little, Brown, |
| Date of publication, distribution, etc. | c1982. |
| 300 ## - PHYSICAL DESCRIPTION | |
| Extent | xi, 377 p. : |
| Other physical details | ill. ; |
| Dimensions | 25 cm. |
| 504 ## - BIBLIOGRAPHY, ETC. NOTE | |
| Bibliography, etc. note | Includes bibliographical references and index. |
| 650 #0 - SUBJECT ADDED ENTRY--TOPICAL TERM | |
| Topical term or geographic name entry element | Heart |
| General subdivision | Diseases |
| -- | Diagnosis. |
| 700 1# - ADDED ENTRY--PERSONAL NAME | |
| Personal name | Cohn, Peter F., |
| Dates associated with a name | 1939- |
| 700 1# - ADDED ENTRY--PERSONAL NAME | |
| Personal name | Wynne, Joshua. |
| 906 ## - LOCAL DATA ELEMENT F, LDF (RLIN) | |
| a | 7 |
| b | cbc |
| c | orignew |
| d | 3 |
| e | opcn |
| f | 19 |
| g | y-gencatlg |
| 942 ## - ADDED ENTRY ELEMENTS (KOHA) | |
| Source of classification or shelving scheme | |
| Koha item type | Book |
| Suppress in OPAC | PW |
| Withdrawn status | Lost status | Source of classification or shelving scheme | Damaged status | Not for loan | Permanent Location | Current Location | Shelving location | Date acquired | Total Checkouts | Full call number | Barcode | Date last seen | Price effective from | Koha item type | Public note |
|---|---|---|---|---|---|---|---|---|---|---|---|---|---|---|---|
| AU LIBRARY | AU LIBRARY | Open Shelf | 09.07.2021 | RC683 .D48 1982 | 28003291 | 09.07.2021 | 09.07.2021 | Book | PW |